00941nam a2200229Ia 4500003000500000005001700005008004100022020001800063040000900081082001300090100006000103245004300163250005000206260004100256300005600297500002000353610002700373942003300400999001900433952011500452952014400567322820240926084054.0210817s9999 xx 000 0 und d a9781848770621 c3228 aEKF OAKL a Oakley, Graham, Surrey, UK, 2010 923132d1929-2022. 0aThe church mice adrift cGraham Oakley a1st published in the UK in 1976 by Macmillan. aSurrey, UK : bTemplar Pub. ;c1976. a36 unnumbered pages : color illustrations ; c21 cm aModern Classics aMice—Fiction9189351 cBK2ddcy375zRosinah Mosako c215684d215684 00102ddc4070aTHISLbTHISLcCHILDd2021-08-18g124.00oEKF OAKLp33228022168874r2021-08-18w2021-08-18yBK 00102ddc40708FaPERDLbPERDLcCHILDd2026-04-20g124.00i9781848770621l0oEKF OAKLp33228022168890r2026-04-20v124.00w2026-04-20yBK